Vegyesek Az 1610-iki lengyelországi borkivitel történetéhez /

Elmentve itt :
Bibliográfiai részletek
Szerző: Tagányi Károly
Dokumentumtípus: Cikk
Megjelent: 1899
Sorozat:Magyar gazdaságtörténelmi szemle 6
Kulcsszavak:Közgazdaságtudomány, Gazdaságtörténet
Online Access:http://misc.bibl.u-szeged.hu/415
LEADER 00623nab a2200169 i 4500
001 misc415
005 20191106144153.0
008 170607s1899 hu o 0|| hun d
040 |a SZTE Miscellanea Repozitórium  |b hun 
041 |a hun 
100 1 |a Tagányi Károly 
245 1 0 |a Vegyesek   |h [elektronikus dokumentum] :  |b Az 1610-iki lengyelországi borkivitel történetéhez /  |c  Tagányi Károly 
260 |c 1899 
300 |a 240 
490 0 |a Magyar gazdaságtörténelmi szemle  |v 6 
695 |a Közgazdaságtudomány, Gazdaságtörténet 
856 4 0 |u http://misc.bibl.u-szeged.hu/415/1/gazd_tort_szeml_1899_240.pdf  |z Dokumentum-elérés